| 000 | 00651cas a2200205u| 4500 | ||
|---|---|---|---|
| 082 |
_a921.8672 _bWOR |
||
| 245 | 0 | 0 | _aWorkshop receipts ... |
| 260 |
_aLondon, _aNew York, _bE. & F. N. Spon, _c1883-1892. |
||
| 300 |
_a5 v. _bcol. front., illus., diagr. _c19 cm. |
||
| 526 |
_a0 _b0 _c0 _d921_867200000000000_WOR |
||
| 590 | _aPREMARC/SERLOC merged record | ||
| 650 | 0 |
_aFormulas, recipes, etc. _950194 |
|
| 650 | 0 |
_aIndustrial arts. _941644 |
|
| 650 | 0 |
_aMCE _9379 |
|
| 650 | 0 | _aTechnology. | |
| 700 | 1 |
_aHaldane, Robert, _946001 |
|
| 700 | 1 |
_aLock, Charles G. Warnford _946002 |
|
| 700 | 1 |
_aSpon, Ernest. [from old catalog] _950195 |
|
| 942 |
_2ddc _cBK |
||
| 999 |
_c552918 _d552918 |
||